K transformaci sociálního systému v České republice.
Súčasný sociálny systém v ČR a jeho požiadavky. Tri piliere sociálneho systému: sociálne poistenie, štátna sociálna podpora, sociálna pomoc. Nedostatky terajšieho sociálneho systému. Ekonomické determinácie systému. Základné trendy transformácie a predstava o novom modeli.
Gespeichert in:
| 1. Verfasser: | |
|---|---|
| Format: | Buchkapitel |
| Sprache: | Tschechisch |
| Schlagworte: | |
| Tags: |
Keine Tags, Fügen Sie das erste Tag hinzu!
|
MARC
| LEADER | 00000naa a2200000 4500 | ||
|---|---|---|---|
| 001 | r013747 | ||
| 005 | 20221213083108.1 | ||
| 041 | 0 | |a cze | |
| 044 | |a CZ | ||
| 245 | 1 | 0 | |a K transformaci sociálního systému v České republice. |c J. Dostal |
| 520 | |a Súčasný sociálny systém v ČR a jeho požiadavky. Tri piliere sociálneho systému: sociálne poistenie, štátna sociálna podpora, sociálna pomoc. Nedostatky terajšieho sociálneho systému. Ekonomické determinácie systému. Základné trendy transformácie a predstava o novom modeli. | ||
| 610 | 2 | 0 | |a starostlivosť sociálna |
| 610 | 2 | 0 | |a poistenie sociálne |
| 610 | 2 | 0 | |a politika sociálna |
| 610 | 2 | 0 | |a pomoc sociálna |
| 610 | 2 | 0 | |a transformácia |
| 610 | 2 | 0 | |a Čechy |
| 100 | 1 | |a Dostal, J. | |